00694pam a2200205 a 4500008004100000020002500041050002200066100002200088245008300110260003700193300003500230440003500265504006600300650003400366650003800400700002300438003000100461005001700462040000900479  a0070503168 :c$59.9500aS494.5.D3PLA 19911 aPlant, Richard E.10aKnowledge-based systems in agriculture /cRichard E. Plant, Nicholas D. Stone. aNew York :bMcGraw-Hill,cc1991. axiii, 364 p. :bill. ;c24 cm. 0aBiological resource management aIncludes bibliographical references (p. 343-354) and indexes. 0aAgriculturexData processing. 0aExpert systems (Computer science)1 aStone, Nicholas D.20230123134219.0 cNUST